| 000 | 00498nam a2200145 a 4500 | ||
|---|---|---|---|
| 001 | 000039096 | ||
| 005 | 20201002031508.0 | ||
| 008 | 130521s2008 dr ac 000 0 spa d | ||
| 040 |
_aDO-SdBNP _bspa _cBNPHU |
||
| 100 | 1 |
_aRosario, Lucila del _965309 |
|
| 245 | 1 | 0 |
_aNueva intervención psicológica / _cLucila del Rosario. |
| 260 |
_aRepública Dominicana : _bServiproder, _c2008. |
||
| 300 |
_a171 p. : _bils., retrs. ; _c22 cm. |
||
| 500 | _aIncluye datos biográficos de la autora en la contracubierta | ||
| 999 |
_c38586 _d38586 |
||